[Event "Tourn. n9945"]
[Site "www.echecsemail.com"]
[Date "2018.11.12"]
[Round "1"]
[White "Julian"]
[Black "Passaroa25"]
[WhiteElo "1720"]
[BlackElo "1720"]
[Result "1-0"]
[Round "1"]
1.e4 Nb8c6
2.d4 Ng8f6
3.e5 Nf6d5
4.Ng1f3 e6
5.c4 Nd5b6
6.Nb1c3 h6
7.d5 exd5
8.cxd5 Nc6e7
9.Bf1b5 Ne7f5
10.O-O Bf8e7
11.Bb5d3 g6
12.Bd3xf5 gxf5
13.d6 cxd6
14.exd6 Be7f6
15.Rf1e1 Kf8
16.Nc3d5 Kg7
17.Nd5xf6 Qd8xf6
18.Bc1e3 Rh8g8
19.Be3d4 Nb6d5
20.Bd4xf6 Nd5xf6
21.Nf3h4 b6
22.Nh4xf5 Kg6
23.Nf5e7 Kg7
24.Ne7xg8 Kxg8
25.Qd1f3 Ra8b8
26.Qf3xf6 h5
27.Re1e8 Kh7
28.Re8h8 
1-0

[Event "Match"]
[Site "www.echecsemail.com"]
[Date "2018.11.12"]
[Round "1"]
[White "Tonino1"]
[Black "Whitekknight"]
[WhiteElo "2120"]
[BlackElo "1850"]
[Result "1-0"]
[Round "1"]
1.f4 d5
2.d4 Ng8f6
3.e3 Nb8c6
4.c3 Bc8g4
5.Ng1f3 Nf6e4
6.Bf1d3 Ne4f6
7.O-O e6
8.Nb1d2 Qd8d6
9.Qd1c2 O-O-O
10.Nf3e5 Bg4h5
11.h3 Bh5g6
12.Bd3xg6 hxg6
13.Ne5xf7 Qd6d7
14.Nf7xh8 Nc6e7
15.e4 Qd7e8
16.e5 Nf6d7
17.Nd2f3 Ne7f5
18.g4 Nf5g3
19.Rf1f2 Ng3e4
20.Rf2g2 Bf8e7
21.Nh8xg6 Qe8xg6
22.Bc1e3 Qg6f7
23.Ra1f1 Rd8g8
24.Nf3g5 Be7xg5
25.fxg5 Qf7e8
26.c4 Qe8g6
27.h4 Nd7b6
28.h5 Qg6e8
29.c5 Nb6d7
30.g6 Qe8d8
31.c6 Nd7b6
32.cxb7 Kxb7
33.Rf1f7 Nb6a8
34.Qc2b3 Na8b6
35.Rg2c2 Ka8
36.Rc2xc7 { resign }
1-0

[Event "Tourn. n9980"]
[Site "www.echecsemail.com"]
[Date "2018.11.12"]
[Round "1"]
[White "Tbsundar"]
[Black "Bojan"]
[WhiteElo "1880"]
[BlackElo "1990"]
[Result "0-1"]
[Round "1"]
1.d4 g6
2.Ng1f3 Bf8g7
3.e3 d6
4.c3 Ng8f6
5.Nb1d2 c5
6.b3 a6
7.Bf1e2 Nf6d5
8.Bc1b2 b6
9.O-O Nb8c6
10.c4 Nd5f6
11.d5 Nc6a7
12.e4 O-O
13.h3 h5
14.Rf1e1 Bg7h6
15.Qd1c2 Nf6h7
16.Qc2c3 f6
17.Nd2f1 Rf8f7
18.Nf3h4 Kg7
19.Nf1g3 Bh6g5
20.Nh4xg6 Kxg6
21.Be2xh5 Kg7
22.Ng3f5 Bc8xf5
23.exf5 Rf7f8
24.Re1e6 Bg5f4
25.Qc3f3 Bf4e5
26.Bb2xe5 dxe5
27.Qf3g4 Kh8
28.Bh5g6 Rf8g8
29.Qg4h5 Rg8g7
30.f4 exf4
31.Ra1e1 Qd8f8
32.d6 Na7c8
33.dxe7 Nc8xe7
34.Re6xb6 Kg8
35.Rb6e6 Nh7g5
36.h4 Ng5xe6
37.Re1xe6 Ne7xg6
38.fxg6 Qf8d8
39.Re6e4 Qd8d2
40.Re4e2 Qd2d3
41.Qh5f3 Qd3xf3
42.gxf3 Rg7xg6
43.Kh2 Rg6g3
44.Re2e6 Kf7
45.Re6c6 Ra8h8
46.Rc6c7 Kg6
{ resign }
0-1

[Event "Match"]
[Site "www.echecsemail.com"]
[Date "2018.11.12"]
[Round "1"]
[White "Darknight"]
[Black "Gambitmiau"]
[WhiteElo "1910"]
[BlackElo "1930"]
[Result "0-1"]
[Round "1"]
1.e4 Nb8c6
2.Bf1c4 e6
3.d4 d5
4.exd5 exd5
5.Bc4b3 Nc6a5
6.Qd1f3 Na5xb3
7.Qf3xb3 Bf8d6
8.h3 Ng8f6
9.Bc1g5 h6
10.Bg5xf6 Qd8xf6
11.Nb1c3 c6
12.Ng1f3 Qf6e6
13.Nc3e2 O-O
14.Qb3d3 Qe6e4
15.Qd3xe4 dxe4
16.Nf3d2 Bc8f5
17.O-O-O Bf5h7
18.Rd1g1 c5
19.d5 f5
20.c4 f4
21.a3 e3
22.fxe3 fxe3
23.Nd2f3 Bh7d3
24.Ne2c3 Bd3xc4
25.Nf3e1 Bc4xd5
26.Nc3xd5 Rf8f2
27.Kb1 Bd6e5
28.Nd5xe3 Rf2xb2
29.Kc1 Rb2a2
30.Ne3c4 Be5f4
31.Kb1 Ra2e2
32.g3 Bf4g5
33.h4 Bg5f6
34.g4 Ra8d8
35.Kc1 b5
36.Nc4a5 Rd8d2
37.Na5b3 Bf6b2
38.Kb1 Rd2d1
39.Nb3c1 Rd1xc1
40.Ka2 Bb2c3
41.Kb3 Re2b2

0-1

[Event "Tourn. n9978"]
[Site "www.echecsemail.com"]
[Date "2018.11.12"]
[Round "1"]
[White "Cal"]
[Black "Julian"]
[WhiteElo "1750"]
[BlackElo "1710"]
[Result "1-0"]
[Round "1"]
1.Ng1f3 d6
2.d4 Ng8f6
3.h3 Nb8d7
4.e4 e5
5.Bc1g5 Bf8e7
6.Bg5xf6 Be7xf6
7.Bf1b5 c6
8.Bb5a4 O-O
9.Nb1c3 b5
10.Ba4b3 a5
11.a3 Bc8b7
12.O-O exd4
13.Nf3xd4 Nd7c5
14.f4 Nc5xb3
{ time. }
1-0

[Event "Match"]
[Site "www.echecsemail.com"]
[Date "2018.11.12"]
[Round "1"]
[White "Tonino1"]
[Black "Gidgud"]
[WhiteElo "2140"]
[BlackElo "2320"]
[Result "1/2-1/2"]
[Round "1"]
1.f4 g6
2.d4 Bf8g7
3.e3 c5
4.c3 cxd4
5.exd4 d5
6.Bf1d3 Ng8f6
7.Ng1f3 O-O
8.O-O Nb8c6
9.Nf3e5 Nc6xe5
10.fxe5 Nf6e4
11.Bc1e3 f5
12.Nb1d2 e6
13.c4 f4
14.Be3xf4 Rf8xf4
15.Rf1xf4 Qd8g5
16.g3 Ne4xg3
17.Qd1g4 Qg5xg4
18.Rf4xg4 Ng3f5
{ draw }
1/2-1/2

[Event "Match"]
[Site "www.echecsemail.com"]
[Date "2018.11.13"]
[Round "1"]
[White "Llord"]
[Black "Whitekknight"]
[WhiteElo "1920"]
[BlackElo "1850"]
[Result "1/2-1/2"]
[Round "1"]
1.e4 e5
2.Ng1f3 Nb8c6
3.Bf1c4 h6
4.d4 exd4
5.Nf3xd4 Nc6xd4
6.Qd1xd4 d6
7.Nb1c3 Ng8f6
8.O-O Bf8e7
9.Nc3d5 Nf6xd5
10.Qd4xd5 Bc8e6
11.Qd5d3 Be6xc4
12.Qd3xc4 O-O
13.Qc4d3 Be7f6
14.c3 a6
15.Qd3g3 Kh7
16.Qg3d3 g6
17.Qd3h3 Bf6g7
18.Bc1e3 c5
19.Ra1d1 Qd8f6
20.Qh3g3 Ra8d8
21.b4 Qf6xc3
22.bxc5 Bg7e5
23.Be3f4 Qc3xc5
24.Bf4xe5 dxe5
25.Rd1c1 Qc5e7
26.Kh1 Rd8d7
27.h3 Qe7f6
28.Rc1c3 Qf6f4
29.Qg3xf4 exf4
30.g3 fxg3
31.fxg3 Rf8e8
32.Rc3e3 Re8e5
33.Re3f3 Kg7
34.Rf1e1 Rd7d2
35.a3 Rd2a2
36.h4 f6
37.Rf3e3 f5
38.exf5 Re5xe3
39.Re1xe3 Kf6
40.fxg6 Kxg6
41.g4 Ra2b2
42.Re3e6 Kg7
43.h5 b6
44.Re6g6 Kh7
45.Rg6c6 a5
46.Rc6c4 b5
47.Rc4c5 Kg7
48.a4 bxa4
49.Rc5xa5 Rb2b4
50.Kg2 Kf6
51.Kf3 Rb4b3
52.Ke4 Rb3b4
53.Kf3 { draw }
1/2-1/2

[Event "Tourn. n9861"]
[Site "www.echecsemail.com"]
[Date "2018.11.13"]
[Round "1"]
[White "Azulmarino"]
[Black "Julian"]
[WhiteElo "1640"]
[BlackElo "1820"]
[Result "0-1"]
[Round "1"]
1.e4 e5
2.Ng1f3 Nb8c6
3.Nb1c3 Ng8f6
4.h3 d5
5.Bf1b5 dxe4
6.Nf3g1 Bc8f5
7.d3 exd3
8.cxd3 Bf8b4
9.Bc1d2 O-O
10.a3 Bb4d6
11.Qd1f3 Bf5g6
12.Bd2g5 Rf8e8
13.Nc3d5 Nc6d4
14.Nd5xf6 gxf6
15.Qf3d5 fxg5
16.Bb5xe8 Qd8xe8
17.Ng1f3 Nd4xf3
18.Qd5xf3 c6
19.O-O f5
20.Rf1e1 Qe8d7
21.Re1d1 Ra8e8
22.b4 g4
23.hxg4 fxg4
24.Qf3e3 Bd6c7
25.Qe3xa7 g3
26.fxg3 Qd7d4
27.Qa7xd4 exd4
28.a4 Re8e3
29.b5 cxb5
30.axb5 Bc7xg3
31.Kf1 Bg6xd3
32.Kg1 Bd3xb5
33.Rd1c1 d3
34.Ra1a7 Bb5c6
35.Rc1f1 Kg7
36.Ra7a3 Bg3d6
37.Ra3a8 Re3e2
38.Ra8d8 Re2xg2
39.Kh1 Rg2h2
40.Kg1 Rh2h1
41.Kf2 Bd6c5
42.Ke1 d2
 { time }
0-1

[Event "Tourn. n9960"]
[Site "www.echecsemail.com"]
[Date "2018.11.13"]
[Round "1"]
[White "Hansen"]
[Black "Picifarkinca"]
[WhiteElo "1590"]
[BlackElo "1670"]
[Result "0-1"]
[Round "1"]
1.e4 c6
2.Ng1f3 d5
3.e5 Bc8f5
4.Nf3d4 Bf5g6
5.e6 Qd8b6
6.c3 Ng8f6
7.exf7 Bg6xf7
8.g4 Nb8d7
9.Nb1a3 O-O-O
10.g5 Nf6e4
11.d3 Ne4d6
12.Bc1f4 e5
13.Bf4xe5 Nd7xe5
14.Bf1h3 Kb8
15.b4 Rd8e8
16.Qd1a4 Ne5xd3
17.Kd2 Nd3f4
18.Bh3d7 c5
19.Nd4b5 Re8e4
20.f3 Re4e2
21.Kd1 Re2g2
22.h4 Nf4d3
23.Rh1f1 Nd3b2
24.Kc1 Nb2xa4
25.Rf1d1 Nd6xb5
26.Na3xb5 Qb6g6
27.Nb5a3 cxb4
28.cxb4 Bf8xb4
29.Na3c2 Qg6xc2

0-1

[Event "Tourn. n9862"]
[Site "www.echecsemail.com"]
[Date "2018.11.13"]
[Round "1"]
[White "Piekki"]
[Black "Piriot"]
[WhiteElo "2280"]
[BlackElo "2380"]
[Result "1-0"]
[Round "1"]
1.e4 g6
2.d4 Bf8g7
3.Nb1c3 a6
4.f4 d6
5.Ng1f3 b5
6.Bf1d3 Bc8b7
7.O-O Nb8d7
8.e5 Ng8h6
9.e6 fxe6
10.Nf3g5 Nd7f8
11.Qd1e2 Qd8d7
12.Bc1e3 Nh6f5
13.g4 Nf5xe3
14.Qe2xe3 O-O-O
15.Ng5f7 e5
16.d5 Qd7xg4
17.Kh1 Rh8g8
18.Nf7xd8 Kxd8
19.Qe3a7 Qg4c8
20.f5 Qc8a8
21.Qa7xa8 Bb7xa8
22.Bd3e4 Bg7f6
23.Ra1d1 g5
24.a3 Nf8d7
25.Be4g2 h5
26.Nc3e2 g4
27.b3 h4
28.Rf1g1 Bf6g5
29.c4 Nd7f6
30.Ne2c3 h3
31.Bg2e4 Bg5e3
32.Rg1g3 Be3f2
33.Rg3d3 Kd7
34.Rd1d2 Bf2c5
35.b4 bxc4
36.bxc5 cxd3
37.c6 Kc8
38.Rd2xd3 Rg8f8
39.Rd3g3 Nf6xe4
40.Nc3xe4 Rf8xf5
41.Rg3xg4 Rf5f1
42.Rg4g1 Rf1xg1
43.Kxg1 Kd8
44.Ne4g5 Kc8
45.Kf2 Kb8
46.Ke3 Ka7
47.Ng5xh3 Kb6
48.Ke4 e6
49.dxe6 Ba8xc6
50.Kf5 e4
51.e7 Kc5
52.Nh3f4 d5
53.h4 Kc4
54.h5 { resign }
1-0

[Event "Tourn. n9954"]
[Site "www.echecsemail.com"]
[Date "2018.11.13"]
[Round "1"]
[White "Jesmantiz"]
[Black "Jazzy"]
[WhiteElo "2270"]
[BlackElo "2290"]
[Result "1-0"]
[Round "1"]
1.d4 d6
2.e3 Ng8f6
3.Bf1d3 c5
4.c3 g6
5.f4 Bf8g7
6.Ng1f3 O-O
7.O-O b6
8.Nb1d2 Nb8d7
9.Qd1e2 Bc8b7
10.e4 Qd8c7
11.e5 Nf6e8
12.e6 Nd7f6
13.exf7 Rf8xf7
14.Nf3g5 d5
15.Ng5xf7 Kxf7
16.f5 Bb7c8
17.fxg6 hxg6
18.Nd2f3 Bc8g4
19.Nf3e5 { resign }
1-0

[Event "Tourn. n9962"]
[Site "www.echecsemail.com"]
[Date "2018.11.13"]
[Round "1"]
[White "Ditto"]
[Black "Roque1"]
[WhiteElo "1830"]
[BlackElo "1880"]
[Result "0-1"]
[Round "1"]
1.e4 c5
2.Nb1c3 e6
3.Ng1f3 Nb8c6
4.Bf1b5 Ng8f6
5.e5 Nf6d5
6.Nc3xd5 exd5
7.d3 Qd8c7
8.Bc1f4 d6
9.Qd1e2 Bc8g4
10.O-O-O O-O-O
11.exd6 Bf8xd6
12.Bf4g5 f6
13.Bg5h4 Rh8e8
14.h3 Re8xe2
15.Nf3g1 g5
16.Bh4g3 Bd6xg3
17.Ng1xe2 Bg3f4
18.Ne2xf4 Qc7xf4
19.Kb1 Bg4xd1
20.Rh1xd1 Qf4xf2
21.g4 Nc6d4
22.Bb5a4 b5
23.Ba4b3 c4
24.dxc4 dxc4
25.c3 cxb3
26.axb3 Qf2c2
{ resign }
0-1

[Event "Match"]
[Site "www.echecsemail.com"]
[Date "2018.11.13"]
[Round "1"]
[White "Llord"]
[Black "Coraza"]
[WhiteElo "1890"]
[BlackElo "1790"]
[Result "1-0"]
[Round "1"]
1.e4 e5
2.Ng1f3 Nb8c6
3.Bf1c4 h6
4.d3 Ng8f6
5.Nb1c3 Bf8b4
6.Bc1d2 Bb4xc3
7.Bd2xc3 d6
8.Bc4b5 O-O
9.Bb5xc6 bxc6
10.d4 Bc8a6
11.Nf3d2 exd4
12.Bc3xd4 Nf6d7
13.Qd1g4 g5
14.Nd2f3 c5
15.Bd4c3 Ba6c8
16.Qg4g3 Bc8b7
17.O-O-O Bb7xe4
18.h4 f6
19.hxg5 Kf7
20.gxh6 Rf8g8
21.Qg3h3 Be4xf3
22.Qh3xf3 Rg8h8
23.Qf3h5 Kf8
24.Qh5g6 Rh8g8
25.Qg6f5 Rg8g5
26.Qf5h7 c6
27.Rd1xd6 Qd8e8
28.Bc3xf6 Rg5g6
29.Bf6e7 Qe8xe7
30.Qh7xe7 Kxe7
31.Rd6xg6 Ra8h8
32.f4 Kf7
33.Rg6g7 Ke6
34.f5 Kxf5
35.Rg7xd7 Kg6
36.h7 a5
37.Rd7c7 c4
38.Rc7xc6 Kg7
39.Rc6xc4 { resign }
1-0

[Event "Tourn. n9979"]
[Site "www.echecsemail.com"]
[Date "2018.11.13"]
[Round "1"]
[White "Hansen"]
[Black "Picifarkinca"]
[WhiteElo "1590"]
[BlackElo "1670"]
[Result "0-1"]
[Round "1"]
1.e4 c5
2.Bf1b5 a6
3.Bb5c4 e6
4.d4 d5
5.exd5 exd5
6.Bc4b3 Nb8c6
7.dxc5 Bf8xc5
8.Nb1c3 Bc8e6
9.Qd1e2 Nc6d4
10.Qe2e5 Qd8f6
11.Qe5c7 Qf6e7
12.Qc7e5 Nd4xb3
13.cxb3 Ng8f6
14.Bc1g5 Ra8d8
15.Ra1d1 Bc5xf2
16.Kxf2 Nf6g4
17.Ke1 Ng4xe5
18.Bg5xe7 Kxe7
19.Ng1e2 Rh8e8
20.Ne2d4 Be6g4
21.Rd1d2 Kf8
22.h3 Ne5d3
23.Kf1 Re8e1

0-1

[Event "Tourn. n9986"]
[Site "www.echecsemail.com"]
[Date "2018.11.13"]
[Round "1"]
[White "Drill64"]
[Black "Bojan"]
[WhiteElo "2189"]
[BlackElo "2020"]
[Result "1/2-1/2"]
[Round "1"]
1.e4 e5
2.Ng1f3 d6
3.d4 exd4
4.Qd1xd4 Nb8c6
5.Bf1b5 Bc8d7
6.Bb5xc6 Bd7xc6
7.Nb1c3 a6
8.O-O h6
9.Bc1e3 Qd8f6
10.Qd4c4 Qf6e6
11.Nc3d5 Qe6d7
12.Nf3d4 Bc6xd5
13.exd5 Ng8f6
14.Rf1e1 Bf8e7
15.Qc4b3 O-O-O
16.c4 Nf6g4
17.Be3f4 Be7f6
18.Ra1d1 Rh8e8
19.h3 Re8xe1
20.Rd1xe1 Bf6xd4
21.hxg4 Qd7xg4
22.Bf4e3 Rd8e8
23.Qb3a4 Re8e7
24.Qa4b3 Bd4e5
25.Qb3c2 g6
26.b3 b6
27.Qc2e2 Qg4h4
28.g3 Qh4h3
29.c5 bxc5
30.Qe2xa6 Kd8
31.Qa6a8 Kd7
32.Qa8c6 Kd8
33.Qc6a8 Kd7
34.Qa8c6 Kd8
{ draw }
1/2-1/2

[Event "Tourn. n9990"]
[Site "www.echecsemail.com"]
[Date "2018.11.14"]
[Round "1"]
[White "Apdash"]
[Black "Drill64"]
[WhiteElo "2320"]
[BlackElo "2200"]
[Result "1-0"]
[Round "1"]
1.e4 c5
2.Ng1f3 Nb8c6
3.d4 cxd4
4.Nf3xd4 Ng8f6
5.Nb1c3 e5
6.Nd4b3 Bf8b4
7.Bc1g5 h6
8.Bg5xf6 Bb4xc3
9.bxc3 Qd8xf6
10.Bf1c4 O-O
11.O-O d6
12.Qd1d2 Rf8d8
13.f4 Bc8e6
14.Bc4d3 Ra8c8
15.f5 Be6d7
16.Rf1f3 Nc6e7
17.Rf3g3 d5
18.exd5 Ne7xd5
19.c4 Nd5b6
20.Ra1e1 Bd7c6
21.Qd2e3 Bc6e8
22.c5 Nb6d5
23.Qe3xe5 Qf6xe5
24.Re1xe5 Nd5b4
25.a3 Nb4xd3
26.cxd3 f6
27.Re5e7 { resign }
1-0

[Event "Match"]
[Site "www.echecsemail.com"]
[Date "2018.11.14"]
[Round "1"]
[White "Krystek23"]
[Black "Coraza"]
[WhiteElo "2600"]
[BlackElo "1790"]
[Result "1-0"]
[Round "1"]
1.Ng1f3 g6
2.c4 d5
3.d4 Bc8g4
4.Nf3e5 Qd8c8
5.cxd5 f6
6.Ne5xg4 Qc8xg4
7.Nb1c3 e5
8.Qd1b3 b6
9.Nc3b5 Bf8d6
10.Bc1d2 a6
11.Nb5xd6 cxd6
12.Qb3xb6 Qg4c8
13.Qb6xd6 Qc8b7
14.Ra1c1 Qb7xb2
15.Rc1c8 Kf7
16.Qd6f8 { resign }
1-0

[Event "Tourn. n9929"]
[Site "www.echecsemail.com"]
[Date "2018.11.14"]
[Round "1"]
[White "Pdebonis"]
[Black "Cathar"]
[WhiteElo "2700"]
[BlackElo "2330"]
[Result "1-0"]
[Round "1"]
1.e4 e5
2.Ng1f3 Nb8c6
3.Bf1b5 a6
4.Bb5xc6 dxc6
5.O-O Ng8e7
6.Nf3xe5 Qd8d4
7.Qd1h5 g6
8.Ne5f3 Qd4xe4
9.Qh5a5 Bc8g4
10.Qa5c3 Rh8g8
11.Nf3g5 Qe4f5
12.d3 h6
13.Ng5e4 Ne7d5
14.Qc3e1 O-O-O
15.f3 Bg4h5
16.g4 Qf5d7
17.Ne4c3 g5
18.gxh5 g4
19.Kh1 Bf8c5
20.Nc3xd5 Qd7xd5
21.Nb1c3 Qd5xh5
22.Bc1f4 gxf3
23.Qe1e5 Qh5xe5
24.Bf4xe5 f2
25.Be5g3 { resign }
1-0

[Event "Match"]
[Site "www.echecsemail.com"]
[Date "2018.11.14"]
[Round "1"]
[White "Cathar"]
[Black "Apdash"]
[WhiteElo "2190"]
[BlackElo "2250"]
[Result "0-1"]
[Round "1"]
1.e4 c5
2.Ng1f3 Nb8c6
3.Nb1c3 e5
4.Bf1c4 d6
5.d3 Bf8e7
6.O-O Bc8g4
7.h3 Bg4h5
8.g4 Bh5g6
9.Bc1e3 a6
10.a3 h5
11.g5 h4
12.Kh2 Rh8h5
13.Rf1g1 Nc6d4
14.Be3xd4 cxd4
15.Nc3d5 Ra8c8
16.Qd1d2 Bg6xe4
17.dxe4 Rc8xc4
{ resign }
0-1

[Event "Tourn. n9904"]
[Site "www.echecsemail.com"]
[Date "2018.11.14"]
[Round "1"]
[White "Kevinking"]
[Black "Odin"]
[WhiteElo "1970"]
[BlackElo "1920"]
[Result "0-1"]
[Round "1"]
1.c4 Ng8f6
2.Nb1c3 e5
3.Ng1f3 Nb8c6
4.g3 Bf8c5
5.Bf1g2 O-O
6.O-O a6
7.a3 d6
8.d3 h6
9.e3 Bc8g4
10.b4 Bc5a7
11.h3 Bg4h5
12.Qd1c2 Bh5g6
13.Nf3h4 Bg6h7
14.e4 Nc6d4
15.Qc2d1 c6
16.Bc1e3 Rf8e8
17.Nh4f5 Nd4xf5
18.Be3xa7 Nf5xg3
19.Ba7e3 Ng3xf1
20.Kxf1 d5
21.cxd5 cxd5
22.exd5 e4
23.dxe4 Nf6xe4
24.Nc3xe4 Bh7xe4
25.Qd1g4 Be4xd5
26.Ra1d1 Bd5c4
27.Kg1 Qd8c8
28.Qg4xc8 Ra8xc8
29.Bg2xb7 Rc8c7
30.Bb7f3 Bc4b3
31.Rd1d6 Rc7c3
32.Kg2 Rc3xe3
33.fxe3 Re8xe3
34.Rd6xa6 Bb3e6
35.b5 Be6xh3
36.Kxh3 Re3xf3
37.Kg4 Rf3b3
38.a4 Rb3b4
39.Kg3 f5
40.b6 h5
41.a5 h4
42.Kh3 f4
43.Kg4 g5
44.Ra6a7 f3
45.Kxf3 Rb4b3
46.Kg2 g4
47.Ra7d7 Rb3b2
48.Kf1 h3
{ resign }
0-1

[Event "Tourn. n9896"]
[Site "www.echecsemail.com"]
[Date "2018.11.14"]
[Round "1"]
[White "Gilliere"]
[Black "Kevinking"]
[WhiteElo "1960"]
[BlackElo "1970"]
[Result "1-0"]
[Round "1"]
1.e4 e6
2.d4 d5
3.e5 c5
4.c3 Nb8c6
5.Ng1f3 Bc8d7
6.Bf1b5 Nc6xe5
7.Bb5xd7 Ne5xd7
8.O-O cxd4
9.cxd4 Ng8e7
10.Nb1c3 a6
11.Bc1f4 Ne7g6
12.Bf4g3 Bf8e7
13.Rf1e1 O-O
14.Qd1b3 b5
15.a4 b4
16.Nc3e2 a5
17.h3 Be7f6
18.Qb3d3 Nd7b6
19.b3 Rf8e8
20.Nf3e5 Ng6xe5
21.dxe5 Bf6e7
22.Ne2d4 Nb6d7
23.Nd4c6 Qd8b6
24.Nc6xe7 Re8xe7
25.Bg3h2 Nd7f8
26.Qd3g3 Ra8c8
27.Qg3d3 Re7c7
28.Qd3f1 Rc7c2
29.Re1e2 Rc2c3
30.Ra1b1 Qb6d4
31.Kh1 Nf8g6
32.Qf1e1 Rc3d3
33.Bh2g1 Rc8c3
34.f3 Qd4f4
35.Bg1h2 Qf4h6
36.Bh2g3 Rc3xb3
37.Rb1xb3 Rd3xb3
38.Re2c2 Rb3c3
39.Rc2xc3 bxc3
40.Qe1xc3 Ng6f8
41.Qc3xa5 Qh6e3
42.Qa5a8 d4
43.Qa8e4 Qe3xe4
44.fxe4 Nf8d7
45.Kg1 f6
46.exf6 gxf6
47.Bg3e1 Kf7
48.a5 Nd7b8
49.Kf2 e5
50.Ke2 Ke6
51.Kd3 { resign }
1-0

[Event "Match"]
[Site "www.echecsemail.com"]
[Date "2018.11.14"]
[Round "1"]
[White "Calmriver"]
[Black "Micheles"]
[WhiteElo "1550"]
[BlackElo "2580"]
[Result "0-1"]
[Round "1"]
1.d4 Ng8f6
2.c4 g6
3.f3 Nb8c6
4.Nb1c3 d5
5.cxd5 Nf6xd5
6.e4 Nd5xc3
7.bxc3 e5
8.Bc1e3 exd4
9.cxd4 Bf8b4
10.Kf2 O-O
11.Bf1b5 Bb4c3
12.d5 Bc3xa1
13.Qd1xa1 a6
14.Bb5e2 Nc6a7
15.h4 Rf8e8
16.h5 Na7b5
17.hxg6 fxg6
18.Be2c4 Nb5d6
19.Bc4b3 a5
20.a4 b5
21.axb5 a4
22.Bb3a2 Qd8e7
23.Ng1e2 Ra8b8
24.b6 cxb6
25.Be3f4 b5
26.e5 Rb8a8
27.Ne2d4 Nd6c4
28.Nd4xb5 Qe7c5
29.Qa1d4 Qc5xd4
30.Nb5xd4 Nc4xe5
31.Kg3 Bc8d7
32.Nd4e6 Ne5d3
33.Ne6c7 Nd3xf4
34.Kxf4 Re8f8
35.Ke5 Ra8b8
36.Rh1a1 Rb8b2
37.Kd6 Rf8f7
38.g4 Bd7c8
39.Nc7e6 Rf7xf3
40.Ba2c4 a3
{ resign }
0-1

[Event "Tourn. n9985"]
[Site "www.echecsemail.com"]
[Date "2018.11.14"]
[Round "1"]
[White "Malbertan"]
[Black "Osopanda"]
[WhiteElo "1950"]
[BlackElo "1830"]
[Result "1-0"]
[Round "1"]
1.e4 e5
2.Bf1c4 Ng8f6
3.Ng1f3 Nb8c6
4.Nf3g5 d5
5.exd5 Nc6a5
6.Bc4b5 c6
7.dxc6 bxc6
8.Qd1f3 e4
9.Ng5xe4 cxb5
10.Ne4xf6  { time }
1-0

[Event "Tourn. n9966"]
[Site "www.echecsemail.com"]
[Date "2018.11.14"]
[Round "1"]
[White "Jaroslavpech"]
[Black "Luciano59"]
[WhiteElo "2490"]
[BlackElo "2400"]
[Result "1/2-1/2"]
[Round "1"]
1.e4 e5
2.Ng1f3 Nb8c6
3.Bf1b5 a6
4.Bb5a4 Ng8f6
5.O-O Bf8e7
6.Rf1e1 b5
7.Ba4b3 d6
8.c3 O-O
9.h3 Nc6a5
10.Bb3c2 c5
11.d4 Qd8c7
12.Nb1d2 cxd4
13.cxd4 Na5c6
14.Nd2b3 a5
15.Bc1e3 a4
16.Nb3d2 Bc8d7
17.Ra1c1 Qc7b7
18.Qd1e2 Rf8e8
{ draw }
1/2-1/2

[Event "Match"]
[Site "www.echecsemail.com"]
[Date "2018.11.14"]
[Round "1"]
[White "Apdash"]
[Black "Aperturaf"]
[WhiteElo "2310"]
[BlackElo "2690"]
[Result "0-1"]
[Round "1"]
1.e4 e6
2.d4 d5
3.e5 c5
4.c3 Nb8c6
5.Ng1f3 Bc8d7
6.Bc1e3 Ng8h6
7.Be3xh6 gxh6
8.Bf1b5 Nc6xe5
9.Nf3xe5 Bd7xb5
10.Qd1h5 Qd8c7
11.Nb1a3 Bb5a6
12.f4 cxd4
13.cxd4 Bf8xa3
14.bxa3 Qc7c3
15.Kf2 Qc3xd4
16.Kg3 Rh8g8
17.Kh3 Qd4xf4
18.Ne5xf7 Qf4xf7
19.Qh5xh6 Qf7f5
20.Kh4 Qf5g4
{ resign }
0-1

[Event "Tourn. n9919"]
[Site "www.echecsemail.com"]
[Date "2018.11.14"]
[Round "1"]
[White "Kevinking"]
[Black "Ditto"]
[WhiteElo "1970"]
[BlackElo "1850"]
[Result "0-1"]
[Round "1"]
1.c4 e5
2.Ng1f3 Nb8c6
3.e4 Bf8c5
4.Bf1e2 d6
5.d3 Bc8e6
6.Nb1c3 Ng8f6
7.Bc1e3 Bc5xe3
8.fxe3 O-O
9.O-O Nf6g4
10.Qd1d2 Qd8f6
11.Nf3e1 Qf6g5
12.Be2xg4 Be6xg4
13.Qd2f2 a6
14.Kh1 Ra8e8
15.a3 Nc6b8
16.Qf2g3 f6
17.Qg3f2 Nb8d7
18.Ne1f3 Qg5g6
19.Nf3h4 Qg6f7
20.Nh4f5 Nd7b6
21.h3 Bg4h5
22.b4 Nb6c8
23.g4 Bh5g6
24.Nf5g3 Nc8b6
25.a4 Qf7d7
26.a5 Nb6c8
27.Qf2a2 c5
28.Nc3d5 Qd7d8
29.Ng3f5 cxb4
30.Nd5xb4 Qd8c7
31.Nb4d5 Qc7c5
32.Ra1b1 Qc5c6
{ resign }
0-1

[Event "Match"]
[Site "www.echecsemail.com"]
[Date "2018.11.15"]
[Round "1"]
[White "Tonino1"]
[Black "Coolant"]
[WhiteElo "2150"]
[BlackElo "2360"]
[Result "1-0"]
[Round "1"]
1.f4 e5
2.e4 exf4
3.Bf1c4 Qd8h4
4.Kf1 Ng8e7
5.Ng1f3 Qh4h5
6.d4 Ne7g6
7.Bc4xf7 Kxf7
8.Nf3e5 Qh5xe5
9.dxe5 Nb8c6
10.Qd1d5 Ke8
11.Nb1c3 Bf8b4
12.Nc3b5 Bb4a5
13.c3 Ba5b6
14.c4 { resign }
1-0

[Event "Tourn. n9985"]
[Site "www.echecsemail.com"]
[Date "2018.11.15"]
[Round "1"]
[White "Osopanda"]
[Black "Luban"]
[WhiteElo "1830"]
[BlackElo "2050"]
[Result "0-1"]
[Round "1"]
1.e4 c5
2.Ng1f3 d6
3.d4 cxd4
4.Nf3xd4 Ng8f6
5.Nb1c3 a6
6.Bf1c4 e6
7.O-O Bf8e7
8.Bc1e3 Bc8d7
 { time }
0-1

[Event "Match"]
[Site "www.echecsemail.com"]
[Date "2018.11.15"]
[Round "1"]
[White "Estonia"]
[Black "Ericleo1980"]
[WhiteElo "2010"]
[BlackElo "2000"]
[Result "1-0"]
[Round "1"]
1.c4 Ng8f6
2.d4 e6
3.Ng1f3 d5
4.Nb1c3 c6
5.a4 Bf8d6
6.Bc1g5 Nb8d7
7.e3 b6
8.Bf1d3 O-O
9.O-O Bc8a6
10.cxd5 Ba6xd3
11.Qd1xd3 cxd5
12.Ra1c1 Ra8c8
13.Nc3b5 Bd6b8
14.b4 h6
15.Bg5xf6 Qd8xf6
16.a5 g5
17.axb6 axb6
18.Nf3d2 h5
19.Qd3e2 Qf6g6
20.Rc1xc8 Rf8xc8
21.Nd2f3 Rc8c2
22.Qe2d1 Rc2c4
23.Qd1b3 f5
24.Nf3d2 Rc4c8
25.f4 Kh7
26.fxg5 Qg6xg5
27.Nd2f3 Qg5g4
28.Qb3d1 Rc8g8
29.Qd1c2 h4
30.Kh1  { time }
1-0

[Event "Tourn. n9984"]
[Site "www.echecsemail.com"]
[Date "2018.11.15"]
[Round "1"]
[White "Fantomas"]
[Black "Luban"]
[WhiteElo "2150"]
[BlackElo "2050"]
[Result "1-0"]
[Round "1"]
1.e4 c6
2.d4 d5
3.exd5 cxd5
4.h3 e6
5.Ng1f3 a6
6.Bf1d3 h6
7.O-O Ng8f6
8.Bc1f4 Nb8c6
9.Rf1e1 Bf8e7
10.c3 O-O
11.Nb1d2 b5
12.Nf3e5 Bc8b7
13.Nd2f3 Ra8c8
14.Qd1e2 Rf8e8
15.Ne5xc6 Bb7xc6
16.Bd3c2 b4
17.Qe2xa6 bxc3
18.bxc3 Be7d6
19.Bf4xd6 Qd8xd6
20.Bc2b3 Rc8a8
21.Qa6d3 Re8b8
22.Nf3e5 Bc6b5
23.Qd3e3 Bb5a4
24.c4 Ba4xb3
25.axb3 Ra8xa1
26.Re1xa1 dxc4
27.bxc4 Rb8d8
28.Ra1d1 Nf6d7
29.Ne5xd7 Rd8xd7
30.f4 f6
31.Kf2 e5
32.fxe5 fxe5
33.d5 Rd7f7
34.Ke2 Rf7c7
35.Rd1c1 e4
36.Kd2 Qd6b4
37.Qe3c3 Rc7xc4
38.Qc3xb4 Rc4xb4
39.Ke3 Kf7
40.Rc1d1 Ke7
41.Rd1d4 Rb4b2
42.Rd4xe4 Kd6
43.Re4g4 g5
44.Ke4 Rb2f2
45.g3 Rf2f6
46.h4 gxh4
47.gxh4 Kc5
48.Rg4g1 Kd6
49.Rg1c1 Ke7
50.Rc1c6 { resign }
1-0

[Event "Tourn. n9911"]
[Site "www.echecsemail.com"]
[Date "2018.11.15"]
[Round "1"]
[White "Aperturaf"]
[Black "Alessiov"]
[WhiteElo "2730"]
[BlackElo "2260"]
[Result "1-0"]
[Round "1"]
1.e4 e5
2.Ng1f3 Nb8c6
3.d4 exd4
4.Nf3xd4 Ng8f6
5.Nb1c3 Bf8b4
6.Nd4xc6 bxc6
7.Bf1d3 d5
8.exd5 cxd5
9.O-O O-O
10.h3 c6
11.Qd1f3 Rf8e8
12.Bc1f4 Bb4d6
13.Rf1e1 Bc8e6
14.Nc3e2 Bd6xf4
15.Ne2xf4 Qd8b6
16.b3 Be6d7
17.Nf4h5 Nf6xh5
18.Qf3xh5 g6
19.Qh5h4 c5
20.Qh4g3 a5
21.Bd3e2 Ra8d8
22.Qg3f4 Bd7f5
23.Qf4d2 Qb6b4
24.c3 Qb4b6
25.Ra1d1 Bf5e4
26.Qd2f4 Re8e6
27.Be2g4 Re6f6
28.Qf4g5 c4
29.Rd1d4 cxb3
30.axb3 h5
31.Bg4d1  { time }
1-0

[Event "Match"]
[Site "www.echecsemail.com"]
[Date "2018.11.15"]
[Round "1"]
[White "Ermejo69"]
[Black "Hundegana"]
[WhiteElo "2200"]
[BlackElo "2010"]
[Result "1-0"]
[Round "1"]
1.d4 c5
2.Ng1f3 cxd4
3.Qd1xd4 Nb8c6
4.Qd4d3 Nc6b4
5.Qd3b3 e6
6.e4 Qd8a5
7.Bc1d2 Ng8f6
8.a3 Nf6xe4
9.Bd2xb4 Bf8xb4
10.Qb3xb4 Qa5xb4
11.axb4 O-O
12.Nb1d2 Ne4xd2
13.Kxd2 d6
14.Bf1d3 Bc8d7
15.b5 Rf8c8
16.Ra1a3 Rc8c7
17.b6 Rc7c8
18.bxa7 h6
19.Rh1a1 f5
20.Ra3c3 Bd7c6
21.Nf3d4 Kf7
22.Bd3b5 Bc6xg2
23.Rc3xc8 b6
24.Rc8xa8 Bg2xa8
25.Bb5c6 Ba8xc6
26.Nd4xc6 d5
27.a8Q Kf6
28.Qa8f8 Kg6
29.Ra1g1 Kh5
30.Qf8xg7 b5
31.Qg7g6 Kh4
32.Qg6xh6 { resign }
1-0

[Event "Match"]
[Site "www.echecsemail.com"]
[Date "2018.11.15"]
[Round "1"]
[White "Gimmyg"]
[Black "Ketchuplover"]
[WhiteElo "2570"]
[BlackElo "1980"]
[Result "1-0"]
[Round "1"]
1.Nb1c3 d5
2.e4 d4
3.Nc3e2 e5
4.Ne2g3 Ng8f6
5.Bf1c4 Bf8e7
6.Ng1f3 Nb8c6
7.O-O O-O
8.d3 Bc8g4
9.h3 Bg4xf3
10.Qd1xf3 Nc6a5
11.Bc4b5 a6
12.Bb5a4 b5
13.Ba4b3 Na5xb3
14.axb3 g6
15.Qf3d1 c5
16.Bc1h6 Rf8e8
17.f4 exf4
18.Bh6xf4 Ra8c8
19.Qd1f3 Qd8b6
20.Bf4g5 { resign }
1-0